000
00321nam a22001337a 4500
008
170524b xxu||||| |||| 00| 0 eng d
020
_a
9790849324795
041
_a
eng
080
_2
30TH
_a
621.3
100
_a
26
101
_a
IM
245
_a
STANDARS MATHEMATICAL TABLES AND FORMULAE
_c
ZWILLINGER, D
942
_2
udc
_c
BK
999
_c
14123
_d
14123